Länder mit der höchsten Geburtenrate - Statistiken

Allgemein
  • Dieses Quiz wurde 112 mal gespielt
  • Das Durchschnittsergebnis liegt bei 18 aus 25
Antwortstatistiken
Platz Land Rate pro 1.000 Einwohner % Korrekt
2. Niger 43,6
97%
20. Nigeria 35,2
96%
17. Äthiopien 36
82%
23. Sudan 34,2
80%
14. Südsudan 36,9
79%
4. Tschad 43
79%
21. Kamerun 35
78%
5. Uganda 42,4
78%
3. Mali 43,2
76%
9. Somalia 39,3
76%
6. Sambia 41,1
73%
19. Tansania 35,3
73%
1. Angola 43,7
72%
11. Mosambik 37,8
72%
24. Zentralafrikanische Republik 34
69%
14. Burkina Faso 36,9
66%
24. Simbabwe 34
66%
7. Burundi 40,9
65%
10. Liberia 37,9
62%
22. Benin 34,5
61%
16. Guinea 36,4
60%
17. Sierra Leone 36
59%
8. Malawi 40,7
58%
13. Guinea-Bissau 37,3
55%
12. Afghanistan 37,5
29%
Keine übereinstimmenden Quizze gefunden
Verteilung der Resultate
Anzahl Personen mit jedem Resultat
Perzentil nach korrekt beantworteten Fragen
Ihre Resultats-Entwicklung
Sie haben dieses Quiz noch nicht gespielt